000 01198naa a22003497a 4500
001 BR0104295
003 BR-BrBNA
005 20240918181924.0
007 ta
008 230509b bl.||||| |||| 00| 0 por d
040 _aBR-BrBNA
_bpor
_cBiblioteca Nacional de Agricultura
041 _a(Pt)
072 _aK10
_b1215
090 _aK10 BR0104295
100 1 _aViana, V.M.
100 1 _aMello, R.A.
100 1 _aMoraes, L.M. de
100 1 _aMendes, N.T.
245 1 _aEcologia e manejo de populacoes de castanha-do-para em reservas extrativas Xapuri, Estado do Acre
260 3 _aManaus, AM (Brasil):
_c1998.
500 _aGascon, G.; Moutinho, P.(eds.) Floresta Amazonica: dinamica, regeneracao e manejo Manaus, AM (Brasil): 1998. p. 277-292 (BR0104295-AM)K10
650 _aCastanha do Para
650 _aEcologia Vegetal
650 _aManejo
650 _aFloresta Tropical
650 _aBertholletia Excelsa
650 _aAmazonia
650 _aAcre
773 0 _tFloresta Amazonica: dinamica, regeneracao e manejo
_aGascon, G.; Moutinho, P.(eds.)
_wK10 BR0104295
_gManaus, AM (Brasil), 1998. p. 277-292
909 _a202404
_bLucia
_c55
_dLucia Elande
942 _cAM
_2AGRIS
999 _c327521
_d327521